000 00854nam a2200337Ia 4500
005 20260514124421.0
008 008 261405s9999 xx 000 0 eng d
037 _aThesis
040 _aCRL
040 _beng
040 _cCRL
041 _2eng
041 _aeng
084 _qCRL
100 _aGupta Dr.Juhi
_91239931
245 0 _aHospital Based Study of Neuro-Developmental Outcomes of Children Aged 2 to 5 Year with West Syndrome.
260 _aDelhi
260 _bUniversity of Delhi
260 _c2016
300 _a86p.
502 _bPh.D.
502 _cUniversity of Delhi
502 _d2016
541 _oThesis
650 _aPediatrics
_91239905
700 _aDr.Satinder Aneja
_91239932
700 _aDr.Sharmila B.Mukherjee
_91239541
710 _aPediatrics
942 _cTH
999 _c1851850
_d1851850